000 00342 a2200133 4500
082 _a297.09
090 _c4061
_d4061
100 _aIbn-e-Khaldoon
245 _aTareekh Ibn-e-Khaldoon (Vol 12)
_cIbn-e-Khaldoon
260 _aKarach:
_bNafees Academy,
_c1990.
300 _a948 p. ;
_c24 cm.
650 _aIslam--History.
942 _cBK
_k297.09 IBN
999 _c7957
_d7957